| 000 | 01023nam a22002657a 4500 | ||
|---|---|---|---|
| 999 |
_c9299 _d9299 |
||
| 003 | AR-CdUCM | ||
| 008 | 190327b ||||| |||| 00| 0 spa d | ||
| 020 | _a978-612-47165-2-2 | ||
| 040 |
_aMUNICIPALIDAD PROVINCIAL DEL CUSCO _cBIBLIOTECA MUNICIPAL DEL CUSCO |
||
| 082 |
_a869.56 / _bL45 |
||
| 100 |
_aLeón de Vivero, Fernando _925409 |
||
| 245 | _aProsa del Viejo Huarango / | ||
| 260 |
_aLima : _bAB Ricardo Angulo Basombrio, _c2017. |
||
| 300 |
_a318 páginas ; _bretratos, _c24 cm. |
||
| 500 |
_a"Edición de homenaje" _a"Edición de homenaje decidida y auspiciada por la Biblioteca Abraham Valdelomar de Huacachina, Ica". |
||
| 505 | _aContenido: Cuentos y relatos -- Ensayos -- Discursos -- Reseña biográfica. | ||
| 650 |
_aCuentos peruanos _97 |
||
| 650 |
_aEnsayos peruanos _9233 |
||
| 650 |
_aDiscursos parlamentarios _925410 |
||
| 650 |
_aSiglo XX _98 |
||
| 650 |
_aLiteratura Peruana _9132 |
||
| 710 |
_aBiblioteca Abraham Valdelomar de Huacachina - Ica _925411 |
||
| 942 |
_2ddc _cLIBROS |
||
| 945 | _aachl | ||